La celestina / (Registro nro. 8768)

Detalles MARC
000 -LIDER
fixed length control field 00708nam a22002537a 4500
001 - NÚMERO DE CONTROL
Identificador de número de control 0074
003 - IDENTIFICACDOR DE NÚMERO DE CONTROL
control field DO-SdBNP
005 - DATE AND TIME OF LATEST TRANSACTION
control field 20221117114905.0
007 - CAMPOS FIJOS DE DESCRIPCIÓN FÍSICA
fixed length control field 0074
008 - ELEMENTOS DE LONGITUD FIJA
fixed length control field 151118b1989 dr || 00| 0 spa d
040 ## - FUENTE DE CATALOGACIÓN
Agencia que crea de manera original el registro BPMSU
Idioma de catalogación spa
Agencia que realiza la transcripción BPMSU
082 #4 - NÚMERO DE CLASIFICACIÓN DECIMAL DE DEWEY
Classification number 862.2
Item number R741c 1989
Edition number 22
100 10 - ASIENTO PRINCIPAL -- NOMBRE PERSONAL
Nombre personal Rojas, Fernando de
Fechas asociadas con el nombre 1475?-1538?
245 13 - MENCIÓN DE TITULO
Título La celestina /
Mención de responsabilidad Fernando de Rojas
250 ## - MENCIÓN DE EDICION
Mención de edición 4a ed.
260 ## - PUBLICACIÓN, DISTRIBUCIÓN, ETC. (PIE DE IMPRENTA)
Lugar de publicación, distribución, etc Santo Domingo :
Nombre del editor, distribuidor, etc. Alfa & Omega,
Fecha de publicación, distribución, etc 1989.
300 ## - DESCRIPCIÓN FÍSICA
Extensión 183 p. :
Materiales especificados il.,
Enlace 17 cm.
500 ## - NOTA GENERAL
Nota general Incluye notas al pie de las páginas
590 ## - NOTA LOCAL
Enlace Inventariado, 2022/VM
650 #4 - ENCABEZAMIENTO DE MATERIA--TEMÁTICO
Término temático o nombre geográfico como elemento de entrada Teatro español
Subdivisión de forma Literatura juvenil
650 #4 - ENCABEZAMIENTO DE MATERIA--TEMÁTICO
Término temático o nombre geográfico como elemento de entrada Literatura juvenil
910 ## - VALIDACIÓN
Validación VMateo V. /Validado
942 ## - ADDED ENTRY ELEMENTS (KOHA)
Source of classification or shelving scheme Dewey Decimal Classification
Koha item type Libros
Existencias
Withdrawn status Lost status Source of classification or shelving scheme Damaged status Not for loan Collection code Home library Current library Date acquired Source of acquisition Full call number Barcode Date last seen Price effective from Koha item type
    Dewey Decimal Classification     Colección Dominicana Biblioteca Pública Metropolitana Salomé Ureña Biblioteca Pública Metropolitana Salomé Ureña 11/18/2015 FUNDI BPMSU CD 862.2 R741c 1989 BPMSU15110332 11/18/2015 11/18/2015 Libros